000 00325nam a2200145Ia 4500
100 _aGonzalez/Rafael C/ Woods.R.E.
250 _a2
942 _cBK
654 _adigital
245 _aDigital Image Processing
260 _bPearson Education
_aMumbai
_c2003
082 _a621.367
_bGON
300 _a793
546 _aENGLISH
999 _c31379
_d31379